Statistics for World Battle Royale #2

Click here to take the quiz!

General Stats

  • This quiz has been taken 12 times
  • The average score is 7 of 25

Answer Stats

QuestionTileSelect% Correct
the countries you likePortugalYes
73%
the countries you likeNorwayYes
64%
the countries you likeCanadaYes
55%
the countries you likeFranceYes
55%
the countries you likeCosta RicaYes
45%
the countries you likeDenmarkYes
45%
the countries you likeLithuaniaYes
45%
the countries you likeSouth KoreaYes
36%
the countries you likeVietnamYes
36%
the countries you likeDominicaYes
27%
the countries you likeOmanYes
27%
the countries you likeTuvaluYes
27%
the countries you likeYemenYes
27%
the countries you likeKyrgyzstanYes
18%
the countries you likeLiberiaYes
18%
the countries you likeRepublic of the CongoYes
18%
the countries you likeSouth SudanYes
18%
the countries you likeUzbekistanYes
18%
the countries you likeZambiaYes
18%
the countries you likeChadYes
9%
the countries you likeGuyanaYes
9%
the countries you likeNigerYes
9%
the countries you likeBeninYes
0%
the countries you likeIranYes
0%
the countries you likeRussiaYes
0%

Score Distribution

Percentile by Number Answered

Percent of People with Each Score

Your Score History

You have not taken this quiz